O ensino público / (Record no. 1273)

MARC details
000 -LÍDER
Campo Fixo de Controle 00800nam a2200253 a 4500
001 - NÚMERO DE CONTROLE
Campo de Controle 1273
003 - IDENTIFICAÇÃO DO NÚMERO DE CONTROLE
Campo de Controle BR-CuiBMT
005 - DATA E HORA DA ÚLTIMA ATUALIZAÇÃO
Campo de Controle 20231216004958.0
008 - DADOS FIXOS
Dados Fixos 231201s2003 dfb 001 0 por d
040 ## - AGÊNCIA CATALOGADORA
Código da Agência Catalogadora BR-CuiBMT
Agência que transcreveu o registro BR-CuiBMT
080 ## - Nº DA CLASSIFICAÇÃO DECIMAL UNIVERSAL
Nº Class. CDU 37.018.591
Nº edição CDU 2007
090 ## - NÚMERO DE CHAMADA
Nº classificação 37.018.591
Cutter O48e
100 1# - ENTRADA PRINCIPAL -- AUTOR PESSOAL
Nome pessoal Oliveira, A. de Almeida
245 12 - TÍTULO PRINCIPAL
Título principal O ensino público /
Indicação de responsabilidade A. de Almeida Oliveira.
260 ## - PUBLICAÇÃO, DISTRIBUIÇÃO, ETC.
Local de publicação Brasília :
Editora Senado Federal,
Data 2003.
300 ## - DESCRIÇÃO FÍSICA
N. páginas ou volumes 373 p. ;
Dimensões 23 cm
490 1# - INDICAÇÃO DE SÉRIE
Título da série Coleção edições do Senado Federal ;
Volume/designação sequencial da série v. 4
504 ## - NOTA DE BIBLIOGRAFIA, ETC.
Nota de bibliografia Inclui bibliografia e índice.
650 ## - ASSUNTO TÓPICO
Cabeçalho tópico ou nome geográfico Ensino público
Subdivisão geográfica Brasil
650 ## - ASSUNTO TÓPICO
Cabeçalho tópico ou nome geográfico Ensino público
Subdivisão geral Organização
Subdivisão geográfica Brasil
650 ## - ASSUNTO TÓPICO
Cabeçalho tópico ou nome geográfico Ensino público
Subdivisão geral Despesas públicas
Subdivisão geográfica Brasil
830 #0 - ENTRADA SECUNDÁRIA DE SÉRIE -- TÍTULO UNIFORME
Título uniforme Edições do Senado Federal ;
Nº do volume/designação sequencial da série 4
942 ## - ELEMENTOS DE ENTRADA ADICIONAIS (KOHA)
Fonte de classificação ou esquema de arquivamento Classificação Decimal Universal
Tipo de item do Koha Livros
Holdings
Estado: removido Estado: perdido Fonte de classificação ou esquema de arquivamento Estado: danificado Indisponível para empréstimo Localização permanente Localização atual Data de aquisição Total Checkouts Número de Chamada completo Código de barras Date last seen Número do exemplar Preço efetivo a partir de Tipo de item (Koha)
    Classificação Decimal Universal     Biblioteca da Escola Superior de Contas do TCE/MT Biblioteca da Escola Superior de Contas do TCE/MT 03/12/2023   37.018.591 O48e BIBTCEMT23120091 03/12/2023 Ex. 1 03/12/2023 Livros
    Classificação Decimal Universal     Biblioteca da Escola Superior de Contas do TCE/MT Biblioteca da Escola Superior de Contas do TCE/MT 15/12/2023   37.018.591 O48e BIBTCEMT23120662 16/12/2023 Ex. 2 16/12/2023 Livros

Powered by Koha